000 05216nam a2200289 a 4500
001 000022406
003 DO-SdBNP
005 20250410114710.0
007 ta
008 090629s2002 dr ac 001 0 spa d
020 _a9993490903
040 _aDO-SdBNP
_bspa
_cBNPHU
082 4 _a972.93054
_bS471g
_221
111 2 _aSeminario sobre la Revolución de 1965.
_d(22-24 de mayo de 2002 :
_cSanto Domingo, República Dominicana)
_96986
245 1 0 _aGuerra de abril :
_binevitabilidad de la historia.
264 2 _aSanto Domingo :
_bSecretaría de Estado de la Fuerzas Armadas,
_c2002.
300 _a466 páginas :
_bilustraciones, retratos. ;
_c24 cm.
336 _atexto
_btxt
_2rdacontent
337 _asin mediación
_bn
_2rdamedia
338 _avolumen
_bnc
_2rdacarrier
505 2 _tMensaje del señor Presidente de la República --
_tCeremonia de apertura --
_tDiscurso de orden /
_tJosé Miguel Soto Jiménez --
_tDiscurso de la vicepresidenta de la República /
_rMilagros Ortiz Bosch
_tLa Guerra de Abril como acontecimiento social, político y económico /
_rRoberto Cassá --
_tAprestos organizativos de la gesta /
_rHéctor E. Lachapelle Díaz --
_tProceso de la contienda visto por las mujeres y las familias de sus protagonistas /
_rArlette Vda. Fernández Domínguez --
_tDel 24 al 28 de abril en el desarrollo de la contienda /
_rRafael Yege Arismendy --
_tEl gobierno del coronel Caamaño : sus ejecutorias y encrucijadas /
_rBonaparte Gautreaux Piñeyro --
_tLa OEA y su papel en el conflicto /
_rVíctor Grimaldi --
_tVivencias de los preparativos y desarrollo de la Guerra de Abril de 1965 /
_rJosé de Jesús Morrillo López --
_tFase previa a la insurrección y fórmulas de solución /
_rR. Fortunato --
_tPreámbulos del conflicto de abril de 1965 /
_rPedro Gil Iturbides --
_tOrganización, estallido y desarrollo de la contienda /
_rNorge Botello --
_tPormenores organizativos de una conspiración /
_rMiguel Hernando Ramírez --
_tComienzo y desarrollo de la contienda de abril vista desde San Isidro /
_rPedro Bartolomé Benoit --
_tLa izquierda y su papel en la contienda /
_rFidelio Despradel
_tLa Batalla del Puente /
_rRamiro Matos González --
_tCrónica de la Guerra de Abril --
_rEmilio Herasme Peña --
_tGuerras civiles autodestructivas /
_rFederico Henríquez Gratereux --
_tProtagonistas fundamentales de la Guerra de Abril de 1965 /
_rEuclides Gutiérrez Féliz --
_tAspectos internacionales y negociaciones en la contienda /
_rJottin Cury --
_tLa formación de los comandos y su rol en el conflicto /
_rManuel Ramón Montes Arache --
_rAndrés R. Fortunato Victoria --
_tLa participación de la academia militar Batalla de las Carreras en el conflicto de abril de 1965 /
_rAndrés R. Fortunato Victoria.
505 0 _tLa Academia Militar de las Fuerzas Armadas y la Revolución de abril de 1965 /
_rJuan Oscar Cutín Curiel --
_tCombate y captura de la Fortaleza Ozama /
_rRobinson Brea Caró--
_tAsanto y toma y de la Fortaleza Ozama por las Fuerzas Armadas Constitucionalistas en la Revolució de Abril de 1965 /
_rRafael E. Ubiera Padua --
_tComando de apoyo al Movimiento Cosntitucionalistas 24 de Abril de 1965 /
_rJosé Fco. Melgarejo de León --
_tCombate del 14, 15 y 16 de Junio en marco del cerco de los constitucionalistas /
_rMarcelo Abreu --
_tJuan Bosch y la Costitución del 1963 : causas que dieron origen a la guerra de abril /
_rRamón Andrés Blanco Fernández --
_tJosé Francisco Peña Gómez y su dimensión dentro de la Guerra de Abril de 1965 /
_rRafael Fafa Taveras --
_tEl Doctor Balaguer, el Partido Reformista y su incidencia sobre los acontecimientos de abril de 1965 /
_rR. A. Bernard --
_tEl papel de la mujer combatiente en la Guerra de Abril de 1965 /
_rTeresa Espaillat --
_tLa comunicación y su impacto durante la Revolución Constitucionalistas de 1965 /
_rLipe Collado --
_tLa Puesía en la guerra /
_rMateo Morrison --
_tLas Izquierda, el PRD y los militares en la revolución de abril /
_rNarciso Isa Conde --
_tAntecedentes y evolución de la caída del presidente Juan Bosch /
_rMario Read Vittini --
_tCosntitución, revolución y defensa nacional /
_rPedro Manuel Casals Víctoria --
_tEl 24 de Abril y sus origenes /
_rMarino Vinicio Castillo R. --
_tEvolución de la Guerra fratricida a la Guerra Patria /
_rRafael Chaijub Mejía --
_tMovimiento Obrero en la Guerra de Abril de 1965 /
_rAlmanzor González Canahuate --
_tLos motivos de la intervención nortamericana de 1965 en RD. /
_rUbis Rivas.
_tEl papel de la Fundación William Joiner Center para el estudios de las guerras /
_rPaul L. Atwood.
505 0 _tLa ontienda bélica en la República Dominicana vista por un miembro de de la FIP/
_rDaniel Idoyaga Mendoza --
_tConsideraciones generales sobre el asalto al Hotel Matum de en Santiago /
_rLorenzo Sención Silverio --
_tDisculso de clausura del premer seminario sobre la Guerra de Abril de 1965 /
_rLuis Damián Castro Cruz --
_tUna clausura singular --
_gBiografía --
_tCronología de la crisis dominicana de 1965/
_rHamlet Germán --
_tLa Guerra de abril: cronología y antecedentes /
_rVíctor Grimaldi --
_gÍndice onomástico
650 4 _aRepública dominicana
_xHistoria
_yRevolución, 1965
_vCongresos, conferencias, etc.
_946201
910 _aValidado. Control de Calidad / MAA
942 _2ddc
_cLBS1
999 _c21904
_d21904